00365nam a2200121Ia 4500008004100000020002200041041000800063082002600071100004200097245005800139260003700197300000900234230411s9999 xx 000 0 und d a978-93-5152-533-2 aeng aF/610.7302/JAC/B06486 aJacob Annamma Rekha R & Jadhav Sonali aClinical Nursing Procedures : Art of nursing practice bJaypee BrothersaNew Delhic2015 a718p